000 00877nam a22002297a 4500
003 CO-NeUS
005 20180210123133.0
008 131105b ck ||||| |||| 00| 0 spa d
020 _a9688871184
040 _aCO-NeUS
_bspa
_cCO-NeUS
082 0 4 _a302.23
_bM178
100 1 _aMartín Barbero Jesús
_eAutor
_965202
245 1 0 _aProcesos de comunicación y matrices de cultura
_bItinerario para salir de la razón dualista
_cJ. Martin-Barbero
264 _aMéxico
_bG. Gili/Felafacs
_c1987
300 _a212 paginas.
520 _aLos diversos caminos seguidos por la investigación de la comunicación desde su lugar de partida hasta el momento actual, que se define en el reencuentro con lo cultural.
650 1 4 _aMedios de comunicacion de masas
_9116129
650 1 4 _aComunicacion
_9104034
650 1 4 _aCultura
_9105542
650 1 4 _aCultura popular
_9105597
942 _cCG
999 _c557
_d557